000 01061nas a2200337 4500
001 BR0503066
003 BR-BrBNA
005 20231205105432.0
007 ta
008 230509b bl.|||p| |||| 00| 00por d
040 _aBR-BrBNA
_bpor
_cBiblioteca Nacional de Agricultura
041 _a(Pt)
072 _aL01; Q55
100 1 _aSantos, E.C. dos
100 1 _aTeixeira, A.S.
100 1 _aFreitas, R.T.F. de
100 1 _aRodrigues, P.B.
100 1 _aDias, E.S.
100 1 _aMurgas, L.D.S.
245 1 _aUso de aditivos promotores de crescimento sobre o desempenho, características de carcaça e bactérias totais do intestino de frangos de corte
650 _aFRANGO DE CORTE
650 _aANTIBIÓTICO
650 _aPERFORMANCE
650 _aRENDIMENTO
650 _aCARCAÇA
650 _aESTIMULANTE DE CRESCIMENTO ANIMAL
650 _aADITIVO
773 0 _tCiência e Agrotecnologia (Brazil)
_xISSN 1413-7054
_g(Jan-Feb 2005), v. 29(1) p. 223-231
_wBR0503066
909 _a202311
_bLúcia
_c55
_dLúcia Elande
942 _2AGRIS
_n0
_cANA
999 _c182958
_d182958